000 00385nam a2200169Ia 4500
100 _aAmmeraal/L/ Zhang/Kang
650 _aJava
250 _a2
942 _cBK
366 _f17.5
654 _acomputer graphics
245 _aComputer graphics for Java programming
260 _bWiley India
_aNew Delhi
_c2007
082 _a005.133/AMM
_bAMM
300 _a376
546 _aENGLISH
999 _c29040
_d29040